000 00292nam a22001337a 4500
020 _a9381226563
041 _aENG
100 _aPatil.R.T
245 _aInnovations In Food Processing
260 _aDelhi
_bSatish Serial Pub
_c1996
300 _a259
650 _aAPE
856 _uAPE ( 03 )
999 _c1685
_d1685